Online
Catalog
Normal view MARC view

Entry Nombre geográfico

Number of records used in: 14

001 - NÚMERO DE CONTROL

  • campo de control: 7269

003 - IDENTIFICADOR DEL NÚMERO DE CONTROL

  • campo de control: BNPHU

005 - FECHA Y HORA DE LA ÚLTIMA TRANSACCIÓN

  • campo de control: 20240410103358.0

008 - DATOS DE LONGITUD FIJA

  • campo de control de longitud fija: 200615|| aca||aabn | a|a d

040 ## - FUENTE DE LA CATALOGACIÓN

  • Centro catalogador/agencia de origen: DO-SdBNP
  • Lengua de catalogación: spa
  • Centro/agencia transcriptor: BNPHU
  • Normas de descripción: rda

151 ## - ENCABEZAMIENTO--NOMBRE GEOGRÁFICO

  • Nombre geográfico: República Dominicana --
  • Subdivisión general: Historia --
  • Subdivisión cronológica: Invasión , 1959

451 ## - TRAZADO DE VÉASE--NOMBRE GEOGRÁFICO

  • Nombre geográfico: Dominican Republic --
  • Subdivisión general: History -
  • Subdivisión cronológica: Invasion, 1959

670 ## - FUENTE DE DATOS ENCONTRADOS

  • Cita de la fuente: Work cat.: (OSt)2126: Brache Batista, Anselmo, 1935- 7268, Constanza, Maimón y Estero Hondo :, 2009.

670 ## - FUENTE DE DATOS ENCONTRADOS

  • Cita de la fuente: ARMARC, 10 de abril, 2024.

Powered by Koha